The plant in health and disease /

Bibliographic Details
Main Author: Weston, W. A. R. Dillon
Other Authors: Taylor, R. Eric
Format: Book
Language:English
Published: London : C. Lockwood, 1948.
Series:Agricultural and horticultural series.
Subjects:

MARC

Tag First Indicator Second Indicator Subfields
LEADER 00000cam a2200000 4500
001 in00000044433
005 20151007072940.0
008 800607s1948 enka b 00010 eng d
035 |a (OCoLC)06396758 
035 |9 AAE8856AM 
040 |a TXA  |c TXA  |d UtOrBLW 
049 |a TXAM  |c [170826] 
090 |a SB731  |b .W478 1948 
092 |a 581.2  |b W536p 
100 1 |a Weston, W. A. R. Dillon. 
245 1 4 |a The plant in health and disease /  |c by W. A. R. Dillon Weston and R. Eric Taylor. 
264 1 |a London :  |b C. Lockwood,  |c 1948. 
300 |a xii, 173 pages :  |b illustrations (color frontispiece) 
336 |a text  |b txt  |2 rdacontent 
337 |a unmediated  |b n  |2 rdamedia 
338 |a volume  |b nc  |2 rdacarrier 
490 1 |a Agricultural and horticultural series 
504 |a Bibliography: page 164. 
650 0 |a Plant diseases. 
650 0 |a Plants  |x Disease and pest resistance. 
700 1 |a Taylor, R. Eric. 
830 0 |a Agricultural and horticultural series. 
999 |a MARS 
999 f f |s ed31fd5b-6824-363c-8546-ebfdfcb3a86a  |i 057abb2e-7747-376a-9961-b80474388e6f  |t 0 
952 f f |p ric  |a Texas A&M University  |b Rellis Campus  |c Joint Library Facility  |d Remote Storage  |t 0  |e SB731 .W478 1948  |h Library of Congress classification  |i unmediated -- volume  |m A14800989243 
998 f f |a SB731 .W478 1948  |t 0  |l Remote Storage